Now you know / (Record no. 481)

MARC details
000 -LEADER
fixed length control field 00808cam a2200265 a 4500
005 - DATE AND TIME OF LATEST TRANSACTION
control field 20260322212021.0
008 - FIXED-LENGTH DATA ELEMENTS--GENERAL INFORMATION
fixed length control field data
010 ## - LIBRARY OF CONGRESS CONTROL NUMBER
LC control number 90039952
020 ## - INTERNATIONAL STANDARD BOOK NUMBER
International Standard Book Number 0671684582 :
Terms of availability {dollar}19.95
020 ## - INTERNATIONAL STANDARD BOOK NUMBER
International Standard Book Number 9780671684587 :
Terms of availability {dollar}19.95
040 ## - CATALOGING SOURCE
Original cataloging agency DLC
Transcribing agency DLC
Modifying agency DLC
-- OCoLC
-- DLC
043 ## - GEOGRAPHIC AREA CODE
Geographic area code n-us-ma
050 00 - LIBRARY OF CONGRESS CALL NUMBER
Classification number F71.22.D84
Item number A3 1990
082 00 - DEWEY DECIMAL CLASSIFICATION NUMBER
Classification number B
-- B
Edition information 20
001 - CONTROL NUMBER
control field data
100 1# - MAIN ENTRY--PERSONAL NAME
Personal name Dukakis, Kitty.
245 10 - TITLE STATEMENT
Title Now you know /
Statement of responsibility, etc. Kitty Dukakis & Jane Scovell.
260 ## - PUBLICATION, DISTRIBUTION, ETC.
Place of publication, distribution, etc. New York :
Name of publisher, distributor, etc. Simon and Schuster,
Date of publication, distribution, etc. c1990.
300 ## - PHYSICAL DESCRIPTION
Extent 315 p., [16] p. of plates :
Other physical details ill. ;
Dimensions 24 cm.
600 10 - SUBJECT ADDED ENTRY--PERSONAL NAME
Personal name Dukakis, Kitty.
600 10 - SUBJECT ADDED ENTRY--PERSONAL NAME
Personal name Dukakis, Michael S.
Fuller form of name (Michael Stanley),
Dates associated with a name 1933-
650 #0 - SUBJECT ADDED ENTRY--TOPICAL TERM
Topical term or geographic name entry element Governors' spouses
Geographic subdivision Massachusetts
General subdivision Biography.
651 #0 - SUBJECT ADDED ENTRY--GEOGRAPHIC NAME
Geographic name Massachusetts
General subdivision Biography.
700 1# - ADDED ENTRY--PERSONAL NAME
Personal name Scovell, Jane,
Dates associated with a name 1934-
Holdings
Withdrawn status Lost status Damaged status Not for loan Home library Current library Shelving location Date acquired Total checkouts Full call number Barcode Date last seen Price effective from Koha item type
        Centerville Centerville General stacks 22/03/2026   974.4/04/092 B 20 BC0010492 22/03/2026 22/03/2026 Books